The Walking Dead Actors - Sudden Death - Statistics

General Stats
  • This quiz has been taken 892 times
  • The average score is 6 of 17
Answers on the Grid
Answers color-coded by a green-red scale on the quiz's grid according to % correct below.
Steven Yeun
Robin Lord Taylor
Billie Lourd
Avi Nash
Norman Reedus
Sean Patrick Flanery
Ron Perlman
Alanna Masterson
IronE Singleton
Aaron Paul
Lew Temple
Melissa Fumero
Austion Amelio
John Carroll Lynch
Steven Ogg
Dolph Lundgren
Scott Wilson
Sean Bean
Lance Henriksen
Morena Baccarin
David Hasselhoff
Rosa Salazar
Jon Bernthal
Christian Serratos
Robert Patrick
Melissa McBride
Rufus Sewell
Emily Kinney
Jeffrey DeMunn
Common
 
Answer Stats
Answer % Correct
Steven Yeun
93%
Norman Reedus
75%
Jon Bernthal
47%
Melissa McBride
45%
Scott Wilson
43%
Emily Kinney
41%
Steven Ogg
37%
Alanna Masterson
36%
Jeffrey DeMunn
34%
Christian Serratos
33%
IronE Singleton
29%
Avi Nash
23%
Austion Amelio
19%
John Carroll Lynch
15%
Robin Lord Taylor
13%
Lew Temple
10%
Robert Patrick
9%
No matching quizzes found
Score Distribution
Percent of People with Each Score
Percentile by Number Answered
Your Score History
You have not taken this quiz